书目信息 |
| 题名: |
图书馆工作概论
|
|
| 作者: | 程亚男 主编 | |
| 分册: | ||
| 出版信息: | 北京 北京图书馆出版社 2000 |
|
| 页数: | 195页 | |
| 开本: | 20cm | |
| 丛书名: | ||
| 单 册: | ||
| 中图分类: | G251.5 , G250 | |
| 科图分类: | ||
| 主题词: | 图书馆工作--职业教育--研究 | |
| 电子资源: | ||
| ISBN: | 7-5013-1730-5 | |
| 000 | 00835nam0 2200265 45 | |
| 001 | 012001032825 | |
| 005 | 20060803102656.70 | |
| 010 | @a7-5013-1730-5@dCNY9.50 | |
| 035 | @a(011001)c2001020789 | |
| 092 | @aCN | |
| 100 | @a20010609d2000 em y0chiy0110 ea | |
| 101 | 0 | @achi |
| 102 | @aCN@b110000 | |
| 105 | @ay z 000yy | |
| 200 | 1 | @a图书馆工作概论@9tu shu guan gong zuo gai lun@f程亚男主编@Fcheng ya nan zhu bian |
| 210 | @a北京@c北京图书馆出版社@d2000 | |
| 215 | @a195页@d20cm | |
| 300 | @a图书馆岗位培训教材 | |
| 330 | @a本书内容包括:图书馆知识、图书馆业务工作概述;图书馆工作评估;图书馆事业;图书馆工作研究;图书馆工作发展。 | |
| 606 | 0 | @a图书馆工作@x职业教育@x研究 |
| 690 | @aG251.5@v4 | |
| 690 | @aG250@v3 | |
| 701 | 0 | @a程亚男@Acheng ya nan@4主编 |
| 801 | 0 | @aCN@bTSSF@c20060803 |
| 905 | @a10447@dG250@e97 | |
| 图书馆工作概论/程亚男主编.-北京:北京图书馆出版社,2000 |
| 195页;20cm |
| 图书馆岗位培训教材 |
| ISBN 7-5013-1730-5:CNY9.50 |
| 本书内容包括:图书馆知识、图书馆业务工作概述;图书馆工作评估;图书馆事业;图书馆工作研究;图书馆工作发展。 |
| ● |
| 相关链接 |
|
|
|
|
正题名:图书馆工作概论
索取号:G250/97
 
预约/预借
| 序号 | 登录号 | 条形码 | 馆藏地/架位号 | 状态 | 备注 |
| 1 | 0336985 | 203369853 | 第一样本阅览室/ [索取号:G250/97] | 在馆 | |
| 2 | 0336986 | 203369862 | 第四借阅区/ [索取号:G250/97] | 在馆 | |
| 3 | 0336987 | 203369871 | 第四借阅区/ [索取号:G250/97] | 在馆 |